Statistiques concernant Le Monde par lettre - G

Cliquez ici pour prendre le quiz!

Statistiques générales

  • Ce quiz a été pris 303 fois
  • Le résultat moyen est 11 sur 15

Statistiques - réponses

IndicesRéponses% Correct
Inverse de droiteGauche
100%
Territoire appartenant au DanemarkGroenland
97%
Nom donné à une petite bombe (également un fruit)Grenade
93%
État américain commençant par G (également un pays dans le Caucase)Géorgie
91%
Solide, liquide, ...Gaz
89%
Nom commun pour un conflit armé entre plusieurs partisGuerre
87%
Noir et blancGris
82%
Deuxième plus grande ville de la SuisseGenève
79%
Pays d'Afrique le plus peuplé commençant par GGhana
74%
Département français le plus peuplé commençant par GGironde
71%
Adjectif le plus utilisé en françaisGrand
70%
Plus gros pays du monde commençant par GGabon
63%
Plus long fleuve commençant par GGange
48%
Capitale du BotswanaGaborone
45%
Ville la plus peuplée du monde commençant par GGuangzhou
8%

Distribution des résultats

Percentile par nombre de réponses

% des personnes avec chaque résultat

Votre développement - résultats

Vous n’avez pas pris ce quiz